Sierra Nevada y la Costa del Sol granadina (Record no. 138018)

MARC details
000 -LEADER
campo de control de longitud fija 00592nam a2200169 i 4500
001 - NÚMERO DE CONTROL
campo de control 138018
003 - IDENTIFICADOR DE NÚMERO DE CONTROL
campo de control ES-MaACL
005 - FECHA Y HORA DE LA ÚLTIMA TRANSACCIÓN
campo de control 20230906195504.0
007 - CAMPO FIJO DE DESCRIPCIÓN FÍSICA--INFORMACIÓN GENERAL
campo de control de longitud fija t|
008 - DATOS DE LONGITUD FIJA--INFORMACIÓN GENERAL
campo de control de longitud fija 070214s1972 sp af |||| | spa d
100 1# - ENTRADA PRINCIPAL--NOMBRE DE PERSONA
Nombre de persona Sánchez-León Herrera, Jesús.
9 (RLIN) 102722
245 10 - MENCIÓN DEL TÍTULO
Título Sierra Nevada y la Costa del Sol granadina
Resto del título : a través de las Alpujarras /
Mención de responsabilidad, etc. Jesús Sánchez-León Herrera.
260 ## - PUBLICACIÓN, DISTRIBUCIÓN, ETC.
Lugar de publicación, distribución, etc. Granada :
Nombre del editor, distribuidor, etc. [s. n.],
Fecha de publicación, distribución, etc. 1972 (
Fabricante Litografía Anel)
300 ## - DESCRIPCIÓN FÍSICA
Extensión 234 p., 24 lám :
Otras características físicas il. ;
Dimensiones 22 cm.
651 #4 - PUNTO DE ACCESO ADICIONAL DE MATERIA--NOMBRE GEOGRÁFICO
Nombre geográfico Granada (Provincia)-
Subdivisión de forma Guías turísticas.
9 (RLIN) 168713
852 ## - LOCALIZACIÓN
Ubicación ES-MaACL
Número de control de estantería C-43752
Holdings
Estatus retirado Estado de pérdida Estado de daño No para préstamo Biblioteca de origen Biblioteca actual Ubicación en estantería Fecha de adquisición Fuente de adquisición Total de préstamos Signatura topográfica completa Código de barras Visto por última vez Precio de reemplazo Tipo de ítem Koha
        Biblioteca del Ateneo de Madrid Biblioteca del Ateneo de Madrid Depósito 2 17/01/2008     C-43752 1143620 23/02/2023 23/02/2023 Libro impreso